Представление документа в формате RUSMARC

ПолеНазваниеЗначение
  Тип записи a
  Библиографический уровень m
001 Контрольный номер RU/CBS_UL/BASE/e846e5fdd7554a99995a209874aa753d
005 Дата корректировки 20260130094609.7
010 Индекс ISBN __
d Цена 99 р. 99 к.
a ISBN
b Уточнения в пер.
100 Данные общей обработки __
a Данные общей обработки 20180315d2018 ||| 0rusy0189 ca
101 Язык документа 0_
a Язык текста rus
102 Страна публикации __
a Страна публикации RU
105 Кодированные данные (монография) __
a Кодированные данные (монография) y###||||000|y
181 Поле кодированных данных: вид содержания _1
a Код вида содержания (ISBD) i#
b Код характеристики содержания (ISBD) #xxe##
d i
g x
h x
i e
182 Поле кодированных данных: тип средства _1
a Код типа средства (ISBD) n
2 Код системы (источник кода, отличный от ISBD) isbdmedia
200 Заглавие и сведения об ответственности 1_
a Заглавие Полевые туристские лагеря
b Общее обозначение материала Текст
f Первые сведения об ответственности А. Г. Маслов, Ю. С. Константинов, И. А. Дрогов
w Текст (визуальный) : непосредственный
e Сведения, относящиеся к заглавию учебно-методическое пособие
203 Вид содержания и тип средства __
a Вид содержания Текст
b Характеристика содержания визуальный
c Тип средства непосредственный
210 Выходные данные 1_
a Место издания Москва
c Издательство Владос
d Дата издания 2000
215 Физическое описание __
a Объем 152 с.
d Формат см.
c Иллюстрации/тип воспроизводства ил.
225 Серия 2_
a Серия Воспитание и дополнительное образование детей
300 Общие примечания __
a Общие примечания 16+
606 Тематические рубрики 0_
a Основная рубрика Экскурсионная и краеведческая работа
610 Ключевые слова 0_
a Ключевые слова воспитание детей; внеклассная работа; работа экскурсионно-туристская; лагеря полевые; лагеря туристские
686 Индексы других классификаций __
a Классификационный индекс 74.200.585.4
2 Код системы ББК
700 Автор _0
a Фамилия Маслов
b Имя (инициалы) А. Г.
g Полное личное имя Анатолий Григорьевич
701 Альтернативная интеллектуальная ответственность _1
a Фамилия Константинов
b Имя (инициалы) Ю. С.
701 Альтернативная интеллектуальная ответственность _1
a Фамилия Дрогов
b Имя (инициалы) И. А.
801 Источник записи _0
a Страна RU
b Организация МБУК ЦБС
c Дата составления 20180315
g Правила каталогизации RCR
801 Источник записи _1
a Страна RU
b Организация МБУК ЦБС г. Ульяновска
c Дата составления 20180315
g Правила каталогизации RCR
852 Данные о местонахождении __
i Авторский знак М 31
j Шифр хранения 74.200.58
901 Тип документа __
t Тип документа m